Responses for Show #5331 - Monday, November 12, 2007

2007 Tournament of Champions semifinal game 1.

Contestants

[<< previous game]

Susan Mitchell, a chemical engineer from Houston, Texas

Doug Hicton, a composer originally from Regina, Saskatchewan, Canada

Chris Mazurek, an assistant professor from Columbia, Missouri

[next game >>]

Jeopardy! Round responses

POETIC LICENSE
GIRLS OF SONG
FARK.com HEADLINES
THE ILLUMINATI
Q WITHOUT U
VIRTUAL MEDICINE
(Sarah: From the Carl J. Shapiro Simulation and Skills Center at Beth Israel Deaconess Medical Center.)
    $200 18
Shelley

Doug
    $200 1
Gloria

Doug
    $200 30
(Susan: What is a turkey?)
(Alex: Be more specific.)

a wild turkey

Susan
    $200 14
whale

Chris
    $200 13
Qatar

Chris
    $200 6
Harvard

Susan
    $400 22
(Samuel Taylor) Coleridge

Doug
    $400 2
Alison

Triple Stumper
    $400 29
(Chris: What is... Facebook?)

Myspace(.com)

Chris
Triple Stumper
    $400 15
Mount Rushmore

Susan
    $400 11
Q*bert

Chris
    $400 17
(Doug: What is pleurisy?)
...
(Alex: We'll accept tuberculosis. [*] is what we were really going for.)

pneumonia (tuberculosis accepted)

DougSusan
    $600 21
Byron

Doug
    $600 3
Annie

Doug
    $600 26
(Alex: You like it?)

soba

Doug
    $600 25
Indiana

Doug
    $600 9
QED

Chris
    $600 7
carbon dioxide

Susan
    $800 20
Pushkin

Doug
    $800 4
(Alex: [*], Beethoven's "Fur [*]".)

Elise

Chris
    $800 27
bishops

Chris
    $2,600 24
(Susan: What is a Gutenberg Bible?)
(Alex: Oh, no. What is the famous [*]?)

Book of Kells

Susan
    $800 10
a Q-tip

Doug
    $800 8
the trachea

Doug
    $1000 19
Swinburne

Susan
    $1000 5
Delilah

Susan
    $1000 28
(Doug: Who is Abba? Keep--oh.)
(Alex: No. Chris or Susan? Doug, you made the mistake of coming up with the dancing group instead of the leader--[*].)
(Doug: Okay.)
(Alex: Left off the "s".)

Abbas

Doug
Triple Stumper
    $1000 23
(Doug: What's the F-stop?)

a foot-candle

DougSusan
    $1000 12
QWERTY

Chris
    $1000 16
the laparoscope

Doug

Scores at the first commercial break (after clue 15):

Chris Doug Susan
$3,200 $2,400 $2,200

Scores at the end of the Jeopardy! Round:

Chris Doug Susan
$3,600 $4,200 $2,200

Double Jeopardy! Round responses

ART GAL-ERY
1910s CINEMA
HAVE GUN, WILL TRAVEL
ROAMIN' HOLIDAYS
MIDDLE NAMES
2007 NATIONAL SPELLING BEE WORDS
(Alex: And yes, you must spell the response.)
    $400 12
Beaux

Susan
    $400 9
El Cid

Doug
    $400 16
(Susan: What is M-U-S-C-L-E-S?)

M-U-S-C-L-E

DougSusan
    $800 1
Marie Antoinette

Susan
    $800 13
Africa

Susan
    $800 15
Belgium

Doug
    $800 5
Daniel K. Inouye

Triple Stumper
    $800 17
P-A-P-I-L-L-O-N

Doug
    $2,000 2
the Legion of Honor

Susan
    $1200 21
Ainu

Doug
    $1200 14
Claire Chennault

Triple Stumper
    $1200 26
[The end-of-round signal sounds.]

Australia & New Zealand

Susan
    $1,200 6
Edward R. Murrow

Chris
    $1200 18
B-R-U-S-C-H-E-T-T-A

Doug
    $1600 3
(Doug: Who was Adele H?)

Camille (Claudel)

ChrisDoug
    $1600 23
Universal City

Triple Stumper
    $1600 24
(Doug: Who were the Red Shirts?)

the White Company

Doug
Triple Stumper
    $1600 25
Easter eggs

Doug
    $1600 7
(Susan: Who is Taft?)

William H. Rehnquist

ChrisSusan
    $1600 19
T-O-R-Q-U-E-M-A-D-A

Doug
    $2000 4
(Doug: Who was Philip V?)

Philip II

Doug
Triple Stumper
    $2000 22
William S. Hart

Doug
    $2000 10
(Doug: Who is, uh, Xerxes?)
(Susan: Who is Darius?)

Cyrus

DougSusan
Triple Stumper
    $2000 11
Albania

Susan
    $2000 8
Philip K. Dick

Chris
    $2000 20
S-C-H-N-E-I-D-E-R

Doug

Scores at the end of the Double Jeopardy! Round:

Chris Doug Susan
$10,000 $9,000 $5,400

[wagering suggestions for these scores]

Final Jeopardy! Round responses

ENGLISH LANGUAGE WRITERS
(Alex: What does the Italian word presto mean? That would help you.)
SusanWho is S. Peeps?
$3,700
DougWho was Defoe?
$1,801
ChrisWho is B Franklin
$8,001
Jonathan Swift

Final scores:

Chris Doug Susan
$1,999 $7,199 $1,700
2nd place: $10,000 + the Jeopardy! DVD Home Game System Finalist 3rd place: $10,000 + the Jeopardy! DVD Home Game System

Game dynamics:

Coryat scores:

Chris Doug Susan
$10,000 $9,000 $7,200
11 R
(including 1 DD),
1 W
21 R,
7 W
14 R
(including 1 DD),
4 W
(including 1 DD)

Combined Coryat: $26,200

[game clues] [game scores] [suggest correction]

Game tape date: 2007-10-10
The J! Archive is created by fans, for fans. Scraping, republication, monetization, and malicious use prohibited; this site may use cookies and collect identifying information. See terms. The Jeopardy! game show and all elements thereof, including but not limited to copyright and trademark thereto, are the property of Jeopardy Productions, Inc. and are protected under law. This website is not affiliated with, sponsored by, or operated by Jeopardy Productions, Inc. Join the discussion at JBoard.tv.